00297nam a2200109Ia 4500008004100000020001800041100003400059245003500093250001600128260002900144300001400173171211s9999 xx 000 0 und d a9789746522458 aStevens, Christine Dorresteyn aClinical Immunology & Serology a3rd Edition bF.A. Davis Companyc2010 a454 pages